书目信息 |
| 题名: |
财税法学
|
|
| 作者: | 刘剑文 主编 | |
| 分册: | ||
| 出版信息: | 北京 高等教育出版社 2012 |
|
| 页数: | 525页 | |
| 开本: | 23cm | |
| 丛书名: | ||
| 单 册: | ||
| 中图分类: | D922.201 | |
| 科图分类: | ||
| 主题词: | 财政法--法学--中国--高等教育--教材 , 税法--法学--中国--高等教育--教材 | |
| 电子资源: | ||
| ISBN: | 978-7-04-036096-7 | |
| 000 | 00861nam0 2200253 450 | |
| 001 | 0102497508 | |
| 005 | 20121108133543.0 | |
| 010 | @a978-7-04-036096-7@dCNY48.20 | |
| 100 | @a20121018d2012 em y0chiy0120 ea | |
| 101 | 0 | @achi |
| 102 | @aCN@b110000 | |
| 105 | @ay z 000yy | |
| 106 | @ar | |
| 200 | 1 | @a财税法学@9Cai Shui Fa Xue @f刘剑文主编@b专著 |
| 210 | @a北京@c高等教育出版社@d2012 | |
| 215 | @a525页@d23cm | |
| 300 | @a普通高等教育“十五”国家级规划教材 | |
| 330 | @a本书主要介绍了财政法总论、财政收入法、财政支出法、财政预算法、税法总论、增值税法、营业税法、消费税法、企业所得税法等基础理论知识。 | |
| 606 | 0 | @a财政法@x法学@y中国@x高等教育@j教材 |
| 606 | 0 | @a税法@x法学@y中国@x高等教育@j教材 |
| 690 | @aD922.201@v5 | |
| 701 | 0 | @a刘剑文@f(1959~)@4主编@9liu jian wen |
| 801 | 0 | @aCN@bAZmarc@c20230903 |
| 905 | @aBZT@dD922@e192@f1@sD922/192 | |
| 财税法学/刘剑文主编.-北京:高等教育出版社,2012 |
| 525页;23cm |
| 普通高等教育“十五”国家级规划教材 |
| ISBN 978-7-04-036096-7:CNY48.20 |
| 本书主要介绍了财政法总论、财政收入法、财政支出法、财政预算法、税法总论、增值税法、营业税法、消费税法、企业所得税法等基础理论知识。 |
| ● |
| 相关链接 |
|
|
|
正题名:财税法学
索取号:D922/192
 
预约/预借
| 序号 | 登录号 | 条形码 | 馆藏地/架位号 | 状态 | 备注 |
| 1 | 2000007667 | 2000007667 | 旧书回溯/ [索取号:D922/192] | 在馆 |